Saqsaywaman / (Record no. 21672)

000 -CABECERA
fixed length control field 01050nam a22002417a 4500
003 - IDENTIFICADOR DEL NÚMERO DE CONTROL
control field AR-CdUCM
008 - DATOS DE LONGITUD FIJA--INFORMACIÓN GENERAL
fixed length control field 190405b ||||| |||| 00| 0 spa d
040 ## - FUENTE DE LA CATALOGACIÓN
Agencia/entidad que catalogó originalmente la obra MUNICIPALIDAD PROVINCIAL DEL CUSCO
Entidad que transcribió la catalogación BIBLIOTECA MUNICIPAL DEL CUSCO
082 ## - NÚMERO DE LA CLASIFICACIÓN DECIMAL DEWEY
No. de Clasificación 985.612/S10
Notacion interna S10
245 ## - MENCIÓN DE TÍTULO
Título Saqsaywaman /
Mención de responsabilidad [textos, Luis Enrique Tord, Uriel García Cáceres, Donato Amado ... [et al.] ; editor, Carlos Sánchez Paz ; presentación, Fernando Ruiz Caro Villagarcía].
260 ## - PUBLICACIÓN, DISTRIBUCIÓN, ETC.
Lugar de publicación, distribución, etc. Cusco :
Nombre de la editorial, distribuidor, etc. Caja Municipal de Ahorros y Crédito Cusco,
-- Corporación Gráfica Color Graf,
Fecha de publicación, distribución, etc. 2019.
300 ## - DESCRIPCIÓN FÍSICA
Nº de Páginas Extensión 205, [2] páginas. :
Otros detalles físicos il. (principalmente col.) ;
Dimensiones 25 x 31 cm.
500 ## - NOTA GENERAL
Bibliografía Incluye referencias bibliográficas.
650 ## - PUNTO DE ACCESO ADICIONAL DE MATERIA--TÉRMINO DE MATERIA
Descriptor Sacsahuamán, Sitio
9 (RLIN) 45748
650 ## - PUNTO DE ACCESO ADICIONAL DE MATERIA--TÉRMINO DE MATERIA
Descriptor Antigüedades
9 (RLIN) 30188
700 ## - PUNTO DE ACCESO ADICIONAL--NOMBRE DE PERSONA
Nombre Personal Tord, Luis Enrique
9 (RLIN) 2834
700 ## - PUNTO DE ACCESO ADICIONAL--NOMBRE DE PERSONA
Nombre Personal García Cáceres, Uriel
9 (RLIN) 45749
700 ## - PUNTO DE ACCESO ADICIONAL--NOMBRE DE PERSONA
Nombre Personal Amado, Donato
9 (RLIN) 6511
700 ## - PUNTO DE ACCESO ADICIONAL--NOMBRE DE PERSONA
Nombre Personal Sánchez Paz, Carlos, editor
9 (RLIN) 45750
710 ## - PUNTO DE ACCESO ADICIONAL--NOMBRE DE ENTIDAD CORPORATIVA
Nombre corporativo (En letras Mayúsculas) Caja Municipal de Ahorro y Crédito Cusco
9 (RLIN) 45737
942 ## - ELEMENTOS DE PUNTO DE ACCESO ADICIONAL (KOHA)
Fuente de clasificación
Tipo de item Libros-BMC
945 ## - PROCESAMIENTO DE INFORMACIÓN LOCAL (OCLC)
Catalogador r.a.c
Holdings
Estado de retiro (separado) Fuente de clasificación o esquema de estanterías Estado dañado Ubicación Sala donde se ubica Nombre de la colección Fecha de adquisición o compra Fuente de adquisición Costo, precio normal en soles Signatura topográfica Código de Barras Última vez visto (Koha) Tipo de ítem (Koha)
No     Sala Humanidades Sala Humanidades Book Cart 2021-02-12 Donación 50.00 985.612/S10 SH0000016153 2021-02-12 Libros-BMC

Powered by Koha